The glass bird
| Main Author: | |
|---|---|
| Other Authors: | |
| Format: | Book |
| Published: |
London :
Walker Books ,
1990
|
| Subjects: |
MARC
| LEADER | 00000cam a2200000 7i4500 | ||
|---|---|---|---|
| 001 | 0000003833 | ||
| 002 | 000004132 | ||
| 005 | 20000330.0 | ||
| 020 | |a 0744519039 | ||
| 090 | 0 | 0 | |a JF |b RIC |
| 100 | 1 | |a Richemont, Enid | |
| 245 | 1 | 4 | |a The glass bird |c Erid Richemont ; illustrated by Caroline Anstey |
| 260 | |a London : |b Walker Books , |c 1990 | ||
| 300 | |a 112p. : |b ill ; |c 21cm. | ||
| 650 | 0 | 0 | |a Children's stories |
| 700 | 1 | |a Anstey, Cardine | |
| 999 | |a 00059909 |b BUKU |c PINJAMAN |e PERPUSTAKAAN KOMUNITI PETALING JAYA | ||
| 999 | |a 032361 |b BUKU |c JUNIOR FICTION |e PERPUSTAKAAN KOMUNITI PETALING JAYA | ||